00832nam a2200241Ia 450000100060000000300090000600800410001504000130005604000130006904100130008210000190009510000290011424500280014324500630017125000110023426000120024526000130025726000490027030000570031950001580037665000250053465000310055996666IT-RoPAU130308s9999 xx 000 0 und d aIT-RoPAU cIT-RoPAU aITALIANO aTomba Raffaele gCodice Aut. SPICS: 33543 aCentro adolescenti (Il) bCitta' Educativa (La)-Verso un Sistema formativo Integrato a1a ed. aBOLOGNA bCappelli c1991 [1° Ed.:1991 - Ed.Ling.Originale:1991] a"7 p. (prefazione: no ; testo: 7 [pagine: 148-154])" aAdolescenti Famiglia e Tempo Libero. Sperimentazione del Servizio per gli Adolescenti. Architettura del Nuovo Servizio. programma del Centro Adolescenti. aSAGGI DI URBANISTICA eCodice materia Spics: 5361